Harmony & Contrast : (Record no. 3748)

000 -LEADER
fixed length control field nam a22 7a 4500
005 - DATE AND TIME OF LATEST TRANSACTION
control field 20170523163738.0
008 - FIXED-LENGTH DATA ELEMENTS--GENERAL INFORMATION
fixed length control field 170523b1996 stk||||| |||| 00| 0 eng d
020 ## - INTERNATIONAL STANDARD BOOK NUMBER
International Standard Book Number 0700704612
040 ## - CATALOGING SOURCE
Original cataloging agency AKMAL
082 ## - DEWEY DECIMAL CLASSIFICATION NUMBER
Classification number 700.095 WIL
090 ## - LOCALLY ASSIGNED LC-TYPE CALL NUMBER (OCLC); LOCAL CALL NUMBER (RLIN)
Classification number (OCLC) (R) ; Classification number, CALL (RLIN) (NR) 700.095
Local cutter number (OCLC) ; Book number/undivided call number, CALL (RLIN) WIL
100 ## - MAIN ENTRY--PERSONAL NAME
Personal name Jane Wilkinson, Nick Pearce
9 (RLIN) 7414
245 ## - TITLE STATEMENT
Title Harmony & Contrast :
Remainder of title A Journey through East Asian Art /
Statement of responsibility, etc. Jane Wilkinson, Nick Pearce
260 ## - PUBLICATION, DISTRIBUTION, ETC.
Place of publication, distribution, etc. Scotland :
Name of publisher, distributor, etc. National Museums of Scotland,
Date of publication, distribution, etc. 1996
300 ## - PHYSICAL DESCRIPTION
Extent 128p
Dimensions cm
942 ## - ADDED ENTRY ELEMENTS (KOHA)
Source of classification or shelving scheme
Koha item type Book
Holdings
Withdrawn status Lost status Source of classification or shelving scheme Damaged status Not for loan Collection code Home library Current library Shelving location Date acquired Inventory number Total Checkouts Full call number Barcode Date last seen Price effective from Koha item type
          NON-FICTION AKMAL Melaka AKMAL Melaka PINJAMAN 23.05.2017 700150   700.095 WIL 201704829 23.05.2017 23.05.2017 Book
Pusat Sumber Maklumat Dato' Haji Sarmin Md Hussin, Akademi Kastam Diraja Malaysia, Melaka
Tel: 06-2331106 | Faks: 06-2313787